| 000 | 00991 a2200265 4500 | ||
|---|---|---|---|
| 003 | NUST | ||
| 005 | 20220308095542.0 | ||
| 008 | 120516t xxu||||| |||| 00| 0 eng d | ||
| 020 | _a9788120350915 (paperback) | ||
| 020 | _a9788120350915 (paperback) | ||
| 038 | _aSAIF | ||
| 040 | _c0 | ||
| 082 |
_a691 _bVAR |
||
| 100 | 1 |
_aVarghese, P.C. _990445 |
|
| 245 | 1 | 0 |
_aBuilding materials (2nd Ed) _cP.C. Varghese. |
| 260 |
_aNew Delhi _bPrentice-Hall of India Pvt.Ltd, _c2015 |
||
| 300 |
_axix.267p.: _bill;. _c22cm |
||
| 500 | _aIncludes index.(p265-p267) | ||
| 563 | _aH.B | ||
| 650 |
_a Building materials _990444 |
||
| 760 | _bSecond Edition | ||
| 856 | 4 | 0 |
_3Amazon.com _uhttps://www.amazon.com/Building-Materials-P-C-Varghese-ebook/dp/B00K7YFW5M/ref=sr_1_1?crid=3V90FUBX3WAFU&keywords=9788120350915&qid=1646714960&s=books&sprefix=9788120350915%2Cstripbooks-intl-ship%2C875&sr=1-1 |
| 942 |
_aSCEE _cBK _k691 VAR 2015 _2ddc |
||
| 999 |
_c588657 _d588657 |
||